Testing of elastomers. Determination of needle tear resistance. (Record no. 73318)

MARC details
000 -LEADER
fixed length control field 00338nam a2200121Ia 4500
245 #0 - TITLE STATEMENT
Title Testing of elastomers. Determination of needle tear resistance.
260 ## - PUBLICATION, DISTRIBUTION, ETC. (IMPRINT)
Year of publication 1974
500 ## - GENERAL NOTE
General note Standard number: DIN 53 506
650 ## - SUBJECT ADDED ENTRY--TOPICAL TERM
Topical Term Elastomers
650 ## - SUBJECT ADDED ENTRY--TOPICAL TERM
Topical Term Needle tear resistance
942 ## - ADDED ENTRY ELEMENTS (KOHA)
Koha item type Standards
Holdings
Withdrawn status Lost status Damaged status Not for loan Collection code Home library Current library Date acquired Koha item type
      Standards DIN standards/German Standards RRII Library RRII Library 31/12/2021 Standards